000 01636nam2a2200301 4500
001 RU\NLR\bibl\362068
005 20250621160919.0
010 _a5-246-00349-3
035 _a(NLR Aleph) 000356668
090 _a309702
_c309702
100 _a20030203d2000 |||y0rusy50 ca
101 0 _arus
102 _aRU
105 _aa |||||||||
200 1 _aЮжный федеральный округ
_eАдм.-упр. структуры. Соц.-экон. положение
_eАстрах. обл. Волгогр. обл. Кабард.-Балк. Респ. Респ. Адыгея. Респ. Дагестан. Респ. Калмыкия
210 _d2000
_aБ. м.
215 _a526 с.
_cил., карт.
320 _aАлф. указ. по видам продукции и услуг: с. 5-32
320 _aАлф. указ. по видам сырья и материалов, используемых предприятиями: с. 33-36
320 _aАлф. указ. предприятий по обл., респ.: с. 37-92
461 0 _1001RU\NLR\bibl\380102
_12001#$aБизнес-карта 2001. Промышленость. [Регион]$v[Т.] 8
_9416606
_cМ.
_d2001
_nБизнес-карта
_oРоссия : Деловые справ.
_tБизнес-карта 2001. Промышленость. [Регион]
_v[Т.] 8
606 0 _aПромышленность
_jБизнес-карты
_yРоссийская Федерация
_yЮг
_92270156
_3RU\NLR\auth\661360696
686 _aУ30(2Р37)я2
801 0 _aRU
_bNLR
_c20030203
_gPSBO
801 1 _aRU
_bNLR
_c20030203
942 _cBOOK
980 _aNB